Ancora bigotti : gli Italiani e la morale sessuale /
I tiakina i:
| Kaituhi matua: | |
|---|---|
| Hōputu: | Pukapuka |
| Reo: | Itāriana |
| I whakaputaina: |
Torino :
Einaudi,
2020
|
| Rangatū: | Vele ;
163 |
| Ngā marau: | |
| Ngā Tūtohu: |
Kāore He Tūtohu, Me noho koe te mea tuatahi ki te tūtohu i tēnei pūkete!
|
MARC
| LEADER | 00000nam a2200000 i 4500 | ||
|---|---|---|---|
| 001 | IT\ICCU\TO0\2066526 | ||
| 003 | ItRI | ||
| 005 | 20260115232042.0 | ||
| 008 | 200923s2020 it |||||| ||||| |||||c | ||
| 015 | |2 IT |a 2020-6286 | ||
| 020 | |a 9788806244019 | ||
| 040 | |b ita |c importazione bologna sebina | ||
| 041 | 7 | |a ita |2 ISO-639-2 | |
| 082 | |a 306.70945 |9 ISTITUZIONI ATTINENTI ALLE RELAZIONI TRA I SESSI. Italia |2 23 | ||
| 100 | 1 | |a Lombardi Vallauri, Edoardo |0 IT\ICCU\LO1V\156333 |4 aut | |
| 240 | 1 | 0 | |a Ancora bigotti |3 IT\ICCU\CFI\1023209 |9 Lombardi Vallauri, Edoardo |
| 245 | 1 | 0 | |a Ancora bigotti : |b gli Italiani e la morale sessuale / |c Edoardo Lombardi Vallauri. |
| 260 | |a Torino : |b Einaudi, |c 2020 | ||
| 300 | |a X, 148 p. ; |c 18 cm | ||
| 650 | 7 | |a Morale sessuale |x Italia | |
| 830 | 0 | |a Vele ; |v 163 |0 IT\ICCU\VIA\0100277 | |
| 942 | |2 ddc |c BK |n 0 | ||
| 952 | |0 0 |1 0 |4 0 |6 DOC_306_709000000000000_LOM |7 0 |9 19213 |a BO |b BO |d 2026-01-15 |i 19412 |l 0 |o DOC 306.709 LOM |p BO19412 |r 2026-01-15 23:20:42 |w 2026-01-15 |x [Sebina 5] [1 v.] |y BK |z 1 v. | ||
| 999 | |c 16349 |d 16349 | ||